| 000 | 01008nam a2200313 i 4500 | ||
|---|---|---|---|
| 001 | bg | ||
| 245 | 1 | 0 |
_aOracle w zadaniach / _cEdward Honour [et al.] ; [przekł. Piotr Listosz, Radosław Wroński, Janusz Miroforidis]. |
| 246 |
_iTyt. oryg.: _aOracle 8. How-to |
||
| 260 |
_aWrocław : _b"Robomatic", _ccop.2001. |
||
| 300 |
_a685 s. : _bil. ; _c25 cm. |
||
| 490 | 1 | _aSzkoła Programowania | |
| 500 | _aTyt. oryg.: "Oracle 8. How-to". | ||
| 504 | _aIndeks. | ||
| 650 | 9 | _aOracle | |
| 655 | _aPodręczniki | ||
| 700 | 1 | _aHONOUR, Edward | |
| 700 | 1 |
_aLISTOSZ, Piotr. _eTł. |
|
| 700 | 1 |
_aWROŃSKI, Radosław. _eTł. |
|
| 700 | 1 |
_aMIKROFORIDIS, Janusz. _eTł. |
|
| 830 | _aSzkoła Programowania | ||
| 020 | _a8387150029 | ||
| 040 | _cBPK | ||
| 041 | 1 |
_apol _heng |
|
| 080 | _a004.42:004.65](07) | ||
| 920 | _a83-87150-02-9 | ||
| 942 | _cKS | ||
| 008 | s pl f |000 0 pol | ||
| 999 |
_c42716 _d42716 |
||
| 856 |
_uhttp://koha.tu.koszalin.pl/cgi-bin/koha/opac-detail.pl?biblionumber=42716 _yKatalog online BPK |
||